000 00535nam a2200193 4500
001 132469
003 ES-MaACL
005 20251003063126.0
007 t|
008 070214s1947 fr r ||||1| fre d
100 1 _aRomains, Jules,
_d1885-1972
_999206
245 1 3 _aLe probléme numéro un /
_cJules Romains (seud).
260 _aParis :
_bPlon et Nourrit,
_c1947.
300 _aXVI, 230 p. ;
_c19 cm.
490 1 _aPrésences
830 0 _aPrésences
_9182391
852 _aES-MaACL
_jD-8871
999 _c132469
_d132469